| 000 | 00994cam a22002775i 4500 | ||
|---|---|---|---|
| 001 | 17799553 | ||
| 003 | ARRUPE | ||
| 005 | 20150121171943.0 | ||
| 008 | 130702s2012 sa b 001 0 eng | ||
| 010 | _a 2012526222 | ||
| 020 | _a9781875053919 | ||
| 020 | _a1875053913 | ||
| 040 |
_aDLC _beng _cDLC _erda |
||
| 042 | _apcc | ||
| 050 | _aBX 3756.R66.A3 | ||
| 100 | 1 |
_aRogers, Ted _914209 |
|
| 245 | 1 | 0 |
_aJesuit, social pioneer and AIDS activist in Zimbabwe : _ba memoir / _cTed Rogers and Edward W. Rogers |
| 246 | 3 | _aTed Rogers jesuit, social pioneer and AIDS activist in Zimbabwe | |
| 260 |
_aDorpspruit : _bCluster Publications, _c[2012] |
||
| 300 |
_axii, 324 pages ; _c24 cm. |
||
| 490 | 0 | _a"Christian Lives in Africa" Series - volume 1 | |
| 504 | _aIncludes bibliographical references and index. | ||
| 906 |
_a0 _bibc _corigres _d3 _encip _f20 _gy-gencatlg |
||
| 942 |
_2lcc _cMONOGRAPH |
||
| 999 |
_c121760 _d121760 |
||